000 00483nam a22001817a 4500
003 OSt
005 20260423112858.0
008 260423b |||||||| |||| 00| 0 eng d
020 _a9789370335233
040 _ckul
082 _a954.0072 SUD
084 _2Colon Classification
100 _aSudeshna Guha
_913673
245 _aArtefacts of History:
_bArchaeology, historiography and Indian Pasts
260 _aDelhi,
_bPrimus Books,
_c2026.
300 _a468p.
942 _2ddc
_cBK
999 _c758915
_d758915